Act like a lady, think like a man = Wanita, berfikirlah seperti lelaki

Bibliographic Details
Main Author: Harvey, Steve
Other Authors: Hasnah Daud
Format: Book
Published: Selangor : PTS , 2011
Edition:Edisi Bahasa Melayu
Subjects:

MARC

LEADER 00000cam a2200000 7i4500
001 0000031140
005 20110623.0
008 110623
020 |a 9673690794 
090 0 0 |a 306.7   |b HAR 
100 1 |a Harvey, Steve 
245 1 0 |a Act like a lady, think like a man = Wanita, berfikirlah seperti lelaki   |c Steve Harvey ; penterjemah Hasnah binti Daud 
250 |a Edisi Bahasa Melayu 
260 |a Selangor :   |b PTS ,   |c 2011 
650 0 |a Man-woman relationships 
650 0 |a Man   |x Psychology 
650 0 |a Mate selection 
700 0 |a Hasnah Daud 
999 |a 0001104457   |b Book   |c Adult Collection   |e Perbadanan Perpustakaan Awam Johor 
999 |a 0001225603   |b Book   |c Adult Collection   |e Cawangan Segamat 
999 |a 0001225608   |b Book   |c Adult Collection   |e Cawangan Bukit Gambir 
999 |a 0001225610   |b Book   |c Adult Collection   |e Cawangan Mersing 
999 |a 0001225611   |b Book   |c Adult Collection   |e Cawangan Mersing 
999 |a 0001225612   |b Book   |c Adult Collection   |e Cawangan Bandar Tenggara 
999 |a 0001225614   |b Book   |c Adult Collection   |e Cawangan Bandar Penawar 
999 |a 0001225615   |b Book   |c Adult Collection   |e Cawangan Tmn. Ungku Tun Aminah